| 000 | 00644cam a2200241 4500 | ||
|---|---|---|---|
| 001 | J1599 | ||
| 008 | 090401t1993 xxu||||| |||| 00| 0 eng d | ||
| 035 | _a(Sirsi) u44396 | ||
| 041 | _aeng | ||
| 050 | _a385.2 | ||
| 110 |
_aBritish Rail Property Board _91300 |
||
| 245 | _aProperty Board. | ||
| 260 |
_aLondon _bBritish Rail Property Board _c1993 |
||
| 300 | _a20p. : ill. ; 30cm. | ||
| 350 | _a0 | ||
| 520 | _aDescribes the Board`s activities and services. | ||
| 650 |
_aProperty management _96262 |
||
| 650 | _aPROPERTY SERVICES | ||
| 650 | _aRAILWAYS | ||
| 690 | _aPROPERTY LAW AND PRACTICE | ||
| 942 | _n0 | ||
| 948 | _c04/03/1997 | ||
| 999 |
_c91514 _d91514 |
||